00633 a2200181 450000100060000002000180000604000260002410000160005024000500006624500450011630000100016136200090017165000310018094200070021195201080021895201080032699900170043448365 a9788578480240 cAnchieta - Bela Vista aZEE, Meneer10aA história dos lobos de todas as coreslpor10aA história dos lobos de todas as cores a29 p.0 a2009 4aLiteratura infanto-juvenil cBK 00104070a91.4b91.4d2023-11-21l0o028.5 Z43a ZEE HISp242/BELr2023-11-21 17:39:43w2023-11-21yBK 00104070a91.4b91.4d2023-11-21l0o028.5 Z43a ZEE HISp697/BELr2023-11-21 17:39:43w2023-11-21yBK c48365d48365